| 000 | 00509nam a22001937a 4500 | ||
|---|---|---|---|
| 003 | CEME | ||
| 005 | 20210628203720.0 | ||
| 008 | 210317b xxu||||| |||| 00| 0 eng d | ||
| 020 | _a0-8247-8954-7 | ||
| 040 | _c. | ||
| 082 | _a620.00151535 WHA'B | ||
| 100 |
_aBrauer, John R _940502 |
||
| 245 | _aWhat every engineer should know about finite element analysis | ||
| 250 | _a2ND | ||
| 260 |
_aNEWYORK _bMARCEL DEKKER _c1993 |
||
| 300 | _a321P | ||
| 650 |
_aFINITE ELEMENT METHOD _91938 |
||
| 942 |
_cBK _2ddc |
||
| 999 |
_c574850 _d574850 |
||